000 00578nam a2200157 4500
999 _c121887
_d121887
005 20210409095434.0
008 210409b ||||| |||| 00| 0 eng d
040 _cPK-LaUMT
082 _aRHC 320.95491
_bSYE-B
100 _aSyed Asad Gilani = سید اسعد گیلانی
245 _aBar-i- Saghir mein bedari-e-millat ki tahrekein = برصغیر میں بیداری ملت کی تحریکیں /
_cby Syed Asad Gilani = سید اسعد گیلانی
260 _aLahore :
_bFerozsons,
_c1992
300 _a584 p.
650 _aPolitical condition-South Asia
942 _cBK